<?xml version="1.0" encoding="UTF-8"?>
<collection xmlns="http://www.loc.gov/MARC21/slim">
 <record>
  <leader>01577aam a22002538a 4500</leader>
  <controlfield tag="001">00045616</controlfield>
  <controlfield tag="005">20200717090718.0</controlfield>
  <controlfield tag="008">170514s2014                  ||||||Viesd</controlfield>
  <datafield tag="020" ind1="#" ind2="#">
   <subfield code="c">85000</subfield>
   <subfield code="a">9786049978173</subfield>
  </datafield>
  <datafield tag="041" ind1="0" ind2="#">
   <subfield code="a">Vie</subfield>
  </datafield>
  <datafield tag="082" ind1="1" ind2="4">
   <subfield code="a">338.1</subfield>
   <subfield code="b">E207O</subfield>
  </datafield>
  <datafield tag="100" ind1="1" ind2="#">
   <subfield code="a">Hoàng, Thị Việt Hà</subfield>
  </datafield>
  <datafield tag="245" ind1="1" ind2="0">
   <subfield code="a">Evaluation of sustainability of rice production in the Mekong Delta Vietnam</subfield>
   <subfield code="c">Hoàng Thị Việt Hà</subfield>
  </datafield>
  <datafield tag="260" ind1="#" ind2="#">
   <subfield code="a">T.P. Hồ Chí Minh</subfield>
   <subfield code="b">Đại học sư phạm T.P. Hồ Chí Minh</subfield>
   <subfield code="c">2020</subfield>
  </datafield>
  <datafield tag="300" ind1="#" ind2="#">
   <subfield code="a">133 tr.</subfield>
   <subfield code="c">24 cm</subfield>
  </datafield>
  <datafield tag="653" ind1="#" ind2="#">
   <subfield code="a">Kinh tế</subfield>
  </datafield>
  <datafield tag="653" ind1="#" ind2="#">
   <subfield code="a">Đồng bằng sông Cửu Long</subfield>
  </datafield>
  <datafield tag="653" ind1="#" ind2="#">
   <subfield code="a">Lúa</subfield>
  </datafield>
  <datafield tag="653" ind1="#" ind2="#">
   <subfield code="a">Sản xuất</subfield>
  </datafield>
  <datafield tag="653" ind1="#" ind2="#">
   <subfield code="a">Tính bền vững</subfield>
  </datafield>
  <datafield tag="653" ind1="#" ind2="#">
   <subfield code="a">Việt Nam</subfield>
  </datafield>
  <datafield tag="852" ind1="#" ind2="#">
   <subfield code="j">KD.0027257</subfield>
   <subfield code="j">KM..0034231</subfield>
   <subfield code="j">KM.0034262</subfield>
   <subfield code="j">KM.0034263</subfield>
   <subfield code="j">KM.0034264</subfield>
   <subfield code="j">KM.0034265</subfield>
   <subfield code="j">KM.0034266</subfield>
   <subfield code="j">KM.0034267</subfield>
   <subfield code="j">KM.0034268</subfield>
   <subfield code="j">KM.0034269</subfield>
   <subfield code="j">KM.0034270</subfield>
   <subfield code="j">KM.0034271</subfield>
   <subfield code="j">KM.0034272</subfield>
   <subfield code="j">KM.0034273</subfield>
   <subfield code="j">KM.0034274</subfield>
   <subfield code="j">KM.0034275</subfield>
   <subfield code="j">KM.0034276</subfield>
   <subfield code="j">KM.0034277</subfield>
   <subfield code="j">KM.0034278</subfield>
   <subfield code="j">KM.0034279</subfield>
   <subfield code="j">KM.0034280</subfield>
   <subfield code="j">KM.0034281</subfield>
   <subfield code="j">KM.0034282</subfield>
   <subfield code="j">KM.0034283</subfield>
   <subfield code="j">KM.0034284</subfield>
   <subfield code="j">KM.0034285</subfield>
   <subfield code="j">KM.0034286</subfield>
   <subfield code="j">KM.0034287</subfield>
   <subfield code="j">KM.0034288</subfield>
   <subfield code="j">KM.0034289</subfield>
   <subfield code="j">KM.0034290</subfield>
   <subfield code="j">KM.0034291</subfield>
   <subfield code="j">KM.0034292</subfield>
   <subfield code="j">KM.0034293</subfield>
   <subfield code="j">KM.0034294</subfield>
   <subfield code="j">KM.0034295</subfield>
   <subfield code="j">KM.0034296</subfield>
   <subfield code="j">KM.0034297</subfield>
   <subfield code="j">KM.0034298</subfield>
   <subfield code="j">KM.0034299</subfield>
   <subfield code="j">KM.0034300</subfield>
   <subfield code="j">KM.0034301</subfield>
   <subfield code="j">KM.0034302</subfield>
   <subfield code="j">KM.0034303</subfield>
   <subfield code="j">KM.0034304</subfield>
   <subfield code="j">KM.0034305</subfield>
   <subfield code="j">KM.0034306</subfield>
   <subfield code="j">KM.0034307</subfield>
   <subfield code="j">KM.0034308</subfield>
   <subfield code="j">KM.0034309</subfield>
   <subfield code="j">KM.0034310</subfield>
   <subfield code="j">KM.0034311</subfield>
   <subfield code="j">KM.0034312</subfield>
   <subfield code="j">KM.0034313</subfield>
   <subfield code="j">KM.0034314</subfield>
   <subfield code="j">KM.0034315</subfield>
   <subfield code="j">KM.0034316</subfield>
   <subfield code="j">KM.0034317</subfield>
   <subfield code="j">KM.0034318</subfield>
   <subfield code="j">KM.0034319</subfield>
  </datafield>
  <datafield tag="910" ind1="#" ind2="#">
   <subfield code="d">17/7/2020</subfield>
  </datafield>
  <datafield tag="980" ind1="#" ind2="#">
   <subfield code="a">Trung tâm Học liệu Lê Vũ Hùng, Trường Đại học Đồng Tháp</subfield>
  </datafield>
 </record>
</collection>
